000 00604nam a2200217Ia 4500
003 GCL
008 140319s9999 xx 000 0 ara d
040 _aGCL /
_cGCL
082 0 4 _a811.9
_bس ق
100 1 _aسعاد الصباح
245 1 0 _aقصائد حب /
_cسعاد الصباح
260 _a[S.N] :
_bدار سعاد الصباح ،
_c1992
300 _a143 ص
490 _a
650 0 4 _aالشعر العربى
650 0 4 _aالعصر الحديث
650 0 4 _aالشعر الغزلى
650 0 4 _aدواوين وقصائد
650 0 4 _aالمجموعات
942 _2ddc
_cBK
999 _c28381
_d28381